Normal view MARC view

Entry Topical Term

Number of records used in: 1

001 - CONTROL NUMBER

  • control field: 234426

003 - CONTROL NUMBER IDENTIFIER

  • control field: OSt

005 - DATE AND TIME OF LATEST TRANSACTION

  • control field: 20250807102805.0

008 - FIXED-LENGTH DATA ELEMENTS

  • fixed length control field: 250807|| aca||aabn | a|a d

040 ## - CATALOGING SOURCE

  • Original cataloging agency: OSt
  • Transcribing agency: OSt

150 ## - HEADING--TOPICAL TERM

  • Topical term or geographic name entry element: Kannada Language

670 ## - SOURCE DATA FOUND

  • Source citation: Work cat.: (OSt)213994: MANGALURU VISHVAVIDYALAYA kannada adhypakara sangha;VIKASA ಮಂಗಳೂರು ವಿಶ್ವವಿದ್ಯಾಲಯ ಕನ್ನಡ ಅಧ್ಯಾಪಕರ ಸಂಘ 234425, Vikasa: nutana pattyakrama yojane, 2005